000 00923nam a22002415i 4500
001 161166
003 ES-MaACL
005 20230906212215.0
008 010405s1660 be |||| | fre d
040 _aAN
_bspa
_cAN
100 1 _aOudin, Cesar.
_9130748
245 1 0 _aSecond partie du Tresor des deux lengues, françoise et espagnole /
_cPar Cesar Oudin...
250 _aNouvellement reveu et augmenté ... / Par J.M.
260 _aA Bruxelles :
_bChez Jean Mommart, ... l'imprimerie,
_c1660.
300 _a[462] p. ;
_c4º.
596 1 _aColofón.
596 1 _aMarca tip. en port. y en colofón.
597 1 _aSign.: A-Z\p8\s, 2A-2E\p8\s, 2F\p7\s.
597 1 _aTexto a dos col.
752 _aBélgica -
_dBruselas
852 _aES-MaACL
_jR-800(2)
_z-- Enc. perg.
_q-- Falto de la última pag. con colofón
_z-- Este ejemplar tiene las sign.: A-2F\p8\s, 2G\p1\s
_x Olim:G-5752
999 _c161166
_d161166